[Event "VL 2016/17"]
[Site "Mecklenburg/Vorpommern"]
[Date "2016.10.16"]
[Round "1.3"]
[White "Hanisch, Sebastian"]
[Black "Wolke, Heiko"]
[Result "1-0"]
[WhiteElo "2029"]
[BlackElo "1964"]
[PlyCount "99"]
[EventType "team-tourn"]
[EventRounds "9"]
[SourceDate "2016.10.16"]
[WhiteTeam "SF Schwerin II"]
[BlackTeam "SF Ostsee Warnemünde"]

1. d4 Nf6 2. c4 c5 3. e3 e6 4. Nf3 Be7 5. Nc3 O-O 6. Be2 d6 7. O-O b6 8. b3 Nc6
9. Bb2 cxd4 10. exd4 d5 11. Ne5 Bb7 12. Bf3 Nxe5 13. dxe5 Ne4 14. Bxe4 dxe4 15.
Qg4 Qd2 16. Na4 e3 17. Rad1 exf2+ 18. Rxf2 Qg5 19. Qxg5 Bxg5 20. Bc1 Bxc1 21.
Rxc1 Rfd8 22. Nc3 a6 23. Rcf1 Rd3 24. Na4 Rad8 25. Rxf7 Bc6 26. Nb2 Rd2 27.
R7f2 Be4 28. h3 h6 29. Na4 b5 30. Nc5 Bf5 31. g4 Bg6 32. cxb5 axb5 33. Nxe6
Rxf2 34. Rxf2 Rd1+ 35. Kg2 Re1 36. Nf4 Be4+ 37. Kg3 Rg1+ 38. Ng2 Bd5 39. h4 g5
40. hxg5 hxg5 41. Re2 Kf7 42. Kh2 Rc1 43. Ne3 Bc6 44. Rc2 Rh1+ 45. Kg3 Be4 46.
Rc5 Bd3 47. Rd5 Be2 48. Kf2 Rh2+ 49. Kg3 Rh1 50. Rd2 1-0

[Event "VL 2016/17"]
[Site "Mecklenburg/Vorpommern"]
[Date "2016.10.16"]
[Round "1.4"]
[White "Hamann, Dirk"]
[Black "Wagner, Ralph"]
[Result "0-1"]
[WhiteElo "1879"]
[BlackElo "2063"]
[PlyCount "72"]
[EventType "team-tourn"]
[EventRounds "9"]
[SourceDate "2016.10.16"]
[WhiteTeam "SF Ostsee Warnemünde"]
[BlackTeam "SF Schwerin II"]

1. e4 d5 2. exd5 Qxd5 3. Nc3 Qa5 4. Bc4 c6 5. Nf3 Bf5 6. O-O e6 7. Re1 Nf6 8.
d4 Bd6 9. Bd2 Qc7 10. h3 Nbd7 11. Nh4 Bg6 12. Nxg6 hxg6 13. a4 O-O 14. Ne4 Nxe4
15. Rxe4 Nf6 16. Rh4 Rad8 17. Bg5 Be7 18. Qe2 Nd5 19. Qd2 Bxg5 20. Qxg5 Qe7 21.
Qg3 Qb4 22. Bb3 Qd2 23. Qe5 Nf6 24. Re1 g5 25. Re2 Qc1+ 26. Re1 Qxb2 27. Qxg5
Rxd4 28. Rh6 Re4 29. Re3 Rxe3 30. fxe3 Rd8 31. Kh2 Qa1 32. Qg3 Qc3 33. Rh4 Qc5
34. Rf4 Qe5 35. Qh4 g5 36. Qg3 Nh5 0-1

[Event "VL 2016/17"]
[Site "Mecklenburg/Vorpommern"]
[Date "2016.10.16"]
[Round "1.5"]
[White "Hornych, Christoph"]
[Black "Schmidt, Reinhard"]
[Result "1-0"]
[WhiteElo "2035"]
[BlackElo "1786"]
[PlyCount "109"]
[EventType "team-tourn"]
[EventRounds "9"]
[SourceDate "2016.10.16"]
[WhiteTeam "SF Schwerin II"]
[BlackTeam "SF Ostsee Warnemünde"]

1. e4 c5 2. Nf3 Nc6 3. d4 cxd4 4. Nxd4 d6 5. Nc3 Bd7 6. Be3 Nf6 7. Bc4 g6 8.
Nxc6 Bxc6 9. f3 Bg7 10. O-O O-O 11. Qe2 Qc7 12. Rfd1 a6 13. a4 Rac8 14. Bb3 Nd7
15. Ra2 Kh8 16. a5 f5 17. Be6 fxe4 18. fxe4 Rf6 19. Bxd7 Qxd7 20. Bd4 Rf4 21.
g3 Rf7 22. Bxg7+ Kxg7 23. Raa1 Rcf8 24. Rf1 Qe6 25. Qd3 Qe5 26. b4 Bd7 27.
Rxf7+ Rxf7 28. Rf1 Rxf1+ 29. Kxf1 Bc6 30. Kf2 h5 31. h4 e6 32. Kf3 d5 33. exd5
exd5 34. Kf2 Qf6+ 35. Ke1 Qe5+ 36. Kd2 Kf6 37. Ne2 Qe4 38. Qxe4 dxe4 39. Ke3
Kf5 40. Nd4+ Kg4 41. Nxc6 bxc6 42. c4 Kxg3 43. b5 cxb5 44. cxb5 axb5 45. a6 b4
46. a7 Kxh4 47. a8=Q g5 48. Qxe4+ g4 49. Kf2 b3 50. Qe7+ Kh3 51. Qe3+ Kh4 52.
Qxb3 Kg5 53. Qd5+ Kh4 54. Qh1+ Kg5 55. Kg3 1-0

[Event "VL 2016/17"]
[Site "Mecklenburg/Vorpommern"]
[Date "2016.10.16"]
[Round "1.6"]
[White "Boecking, Uwe"]
[Black "Westphal, Wolfgang"]
[Result "0-1"]
[WhiteElo "1724"]
[BlackElo "2057"]
[PlyCount "103"]
[EventType "team-tourn"]
[EventRounds "9"]
[SourceDate "2016.10.16"]
[WhiteTeam "SF Ostsee Warnemünde"]
[BlackTeam "SF Schwerin II"]

1. e4 c5 2. Nf3 Nc6 3. d4 cxd4 4. Nxd4 e5 5. Nb5 a6 6. Nd6+ Bxd6 7. Qxd6 Qf6 8.
Qd3 d5 9. Qxd5 Be6 10. Qd1 Rd8 11. Bd3 Qg6 12. Qf3 Rxd3 13. Qxd3 Qxg2 14. Rf1
Bh3 15. Nd2 Qxh2 16. Nf3 Qg2 17. Rg1 Nb4 18. Qe2 Nxc2+ 19. Kd1 Nd4 20. Rxg2
Nxe2 21. Rh2 Nxc1 22. Kxc1 Be6 23. Nxe5 Nf6 24. f3 O-O 25. b3 g6 26. Kb2 h5 27.
Rd1 Re8 28. Nc4 Kg7 29. Rhd2 h4 30. Ne3 Rh8 31. Rh2 h3 32. Rg1 Nh5 33. Nf5+ Kf6
34. Nd4 Nf4 35. Nxe6 Kxe6 36. Rg4 Ke5 37. Kc2 f6 38. Kd2 g5 39. Rg1 {RA} Rc8
40. Rc1 Rxc1 41. Kxc1 g4 42. fxg4 Kxe4 43. Kd2 Kf3 44. Ke1 Kg3 45. Rh1 Kg2 46.
Rf1 h2 47. Rf2+ Kg3 48. Rf1 Nh3 49. Rh1 Kg2 50. Rf1 Ng1 51. Rf2+ Kg3 52. Rxf6
0-1

[Event "VL 2016/17"]
[Site "Mecklenburg/Vorpommern"]
[Date "2016.10.16"]
[Round "1.7"]
[White "Hasselmann, Dieter"]
[Black "Staben, Norbert"]
[Result "1/2-1/2"]
[WhiteElo "2028"]
[BlackElo "1689"]
[PlyCount "71"]
[EventType "team-tourn"]
[EventRounds "9"]
[SourceDate "2016.10.16"]
[WhiteTeam "SF Schwerin II"]
[BlackTeam "SF Ostsee Warnemünde"]

1. e4 c5 2. c3 d5 3. exd5 Qxd5 4. d4 Nc6 5. Nf3 cxd4 6. cxd4 Bg4 7. Be2 e6 8.
Nc3 Bb4 9. a3 Bxc3+ 10. bxc3 Nf6 11. O-O O-O 12. c4 Qd6 13. Be3 Rad8 14. c5 Qc7
15. Qa4 Nd5 16. Qb3 Rd7 17. Rab1 Nf4 18. Bxf4 Qxf4 19. Qe3 Qf6 20. Ne5 Nxe5 21.
dxe5 Qg6 22. Bxg4 Qxg4 23. Rb4 Qf5 24. g4 Qg6 25. Qf3 b6 26. c6 Rd3 27. Qg2 Rd5
28. Rc1 Qg5 29. f4 Qd8 30. Re4 Rd1+ 31. Rxd1 Qxd1+ 32. Kf2 Rd8 33. Qf3 Qc2+ 34.
Re2 Qc5+ 35. Kg2 Rd5 36. f5 1/2-1/2

[Event "VL 2016/17"]
[Site "Mecklenburg/Vorpommern"]
[Date "2016.10.16"]
[Round "1.8"]
[White "Vladov, Mark"]
[Black "Kross, Gunnar"]
[Result "0-1"]
[WhiteElo "1619"]
[BlackElo "1979"]
[PlyCount "84"]
[EventType "team-tourn"]
[EventRounds "9"]
[SourceDate "2016.10.16"]
[WhiteTeam "SF Ostsee Warnemünde"]
[BlackTeam "SF Schwerin II"]

1. Nf3 Nf6 2. c4 g6 3. Nc3 Bg7 4. g3 O-O 5. Bg2 c6 6. d4 d5 7. cxd5 Nxd5 8. O-O
Nxc3 9. bxc3 Nd7 10. Ba3 Re8 11. Qb3 Nb6 12. Ng5 e6 13. h4 Nd5 14. Ne4 Qb6 15.
Qa4 Rd8 16. Rab1 Qc7 17. Qc2 e5 18. e3 Nb6 19. Nd2 Bf5 20. e4 Be6 21. dxe5 Qxe5
22. Bb2 Nc4 23. Nxc4 Bxc4 24. Rfd1 Bxa2 25. Rxd8+ Rxd8 26. Ra1 Bc4 27. Rd1
Rxd1+ 28. Qxd1 Bf6 29. Qd7 Qe7 30. Qc8+ Kg7 31. f4 Be6 32. Qb8 Qc5+ 33. Kh2
Bxc3 34. Qxb7 a5 35. Bxc3+ Qxc3 36. Qe7 h6 37. e5 Qc2 38. Kg1 a4 39. g4 Qc1+
40. Kh2 Qxf4+ 41. Kh1 Qxe5 42. Bxc6 Bd5+ 0-1

[Event "VL 2016/17"]
[Site "Mecklenburg/Vorpommern"]
[Date "2016.10.16"]
[Round "1.1"]
[White "Schwahn, Christian"]
[Black "Montag, Ralf"]
[Result "0-1"]
[WhiteElo "1979"]
[BlackElo "1918"]
[PlyCount "42"]
[EventType "team-tourn"]
[EventRounds "9"]
[SourceDate "2016.10.16"]
[WhiteTeam "Greifswalder SV II"]
[BlackTeam "VT Ludwigslust"]

1. d4 Nf6 2. Nf3 g6 3. c4 Bg7 4. Nc3 d5 5. Qb3 dxc4 6. Qxc4 O-O 7. Bf4 c6 8. e4
b5 9. Qd3 b4 10. Na4 Ba6 11. Qe3 Bxf1 12. Kxf1 Qa5 13. b3 Nfd7 14. Rc1 e5 15.
dxe5 Nxe5 16. Rc5 Qa6+ 17. Qe2 Nd3 18. Bxb8 Nxc5 19. Bd6 Qxe2+ 20. Kxe2 Nxa4
21. Bxf8 Nc3+ 0-1

[Event "VL 2016/17"]
[Site "Mecklenburg/Vorpommern"]
[Date "2016.10.16"]
[Round "1.2"]
[White "Wiemer, Juergen"]
[Black "Valet, Richard"]
[Result "1/2-1/2"]
[WhiteElo "1952"]
[BlackElo "1872"]
[PlyCount "48"]
[EventType "team-tourn"]
[EventRounds "9"]
[SourceDate "2016.10.16"]
[WhiteTeam "VT Ludwigslust"]
[BlackTeam "Greifswalder SV II"]

1. e4 c5 2. c3 d5 3. exd5 Qxd5 4. d4 Nc6 5. Nf3 cxd4 6. cxd4 e5 7. Nc3 Bb4 8.
a3 Bxc3+ 9. bxc3 exd4 10. cxd4 Bg4 11. Be2 Nge7 12. h3 Bd7 13. O-O O-O 14. Rb1
Nf5 15. Rb5 Qd6 16. d5 Nce7 17. Rxb7 Nxd5 18. Nd4 Rfd8 19. Bf3 Nxd4 20. Qxd4
Bc6 21. Bb2 Nf6 22. Qxd6 Rxd6 23. Bxc6 Rxc6 24. Bxf6 Rxf6 1/2-1/2

[Event "VL 2016/17"]
[Site "Mecklenburg/Vorpommern"]
[Date "2016.10.16"]
[Round "1.3"]
[White "Hertel, Johannes"]
[Black "Illgen, Alexander"]
[Result "1/2-1/2"]
[WhiteElo "1839"]
[BlackElo "1894"]
[PlyCount "137"]
[EventType "team-tourn"]
[EventRounds "9"]
[SourceDate "2016.10.16"]
[WhiteTeam "Greifswalder SV II"]
[BlackTeam "VT Ludwigslust"]

1. d4 Nf6 2. c4 d6 3. Nf3 g6 4. g3 Bg7 5. Bg2 O-O 6. O-O c6 7. Nc3 Nbd7 8. e4
e5 9. Re1 Qc7 10. h3 b6 11. Be3 Bb7 12. Qd2 Rfe8 13. d5 cxd5 14. cxd5 Ba6 15.
Rec1 Rac8 16. Ne1 Qb8 17. b4 Bc4 18. b5 Rc7 19. Nc2 a6 20. bxa6 Bxa6 21. Nb4
Qb7 22. Nc6 Nb8 23. Rab1 Nfd7 24. Nb4 Rec8 25. Nxa6 Nxa6 26. Nb5 Rxc1+ 27. Rxc1
Bf8 28. Qb2 Nac5 29. Rb1 Ra8 30. Nc3 Qa7 31. Bf1 Qa5 32. Bb5 Be7 33. Bc6 Rf8
34. Qb4 Qxb4 35. Rxb4 Rb8 36. f3 Kf8 37. Na4 Bd8 38. Nc3 Ke7 39. Kg2 Bc7 40.
Nb5 Kd8 41. h4 Nb7 42. Nxc7 Kxc7 43. Bxd7 Kxd7 44. Rxb6 f5 45. Rb4 Kc8 46. Bb6
Nd8 47. a4 Ra8 48. Rc4+ Kb7 49. a5 Ka6 50. Rc7 Nb7 51. Rxh7 fxe4 52. fxe4 Nxa5
53. Bxa5 Kxa5 54. Rg7 Kb5 55. Rxg6 Kc5 56. h5 Kd4 57. Rg4 Ke3 58. Kh3 Rh8 59.
Rh4 Kf3 60. h6 Rb8 61. Rh5 Kxe4 62. h7 Rh8 63. g4 Kxd5 64. Rh6 e4 65. Kg3 Ke5
66. g5 Kf5 67. g6 Kf6 68. g7+ Kxg7 69. Rxd6 1/2-1/2

[Event "VL 2016/17"]
[Site "Mecklenburg/Vorpommern"]
[Date "2016.10.16"]
[Round "1.4"]
[White "Krueger, Horst"]
[Black "Nauschuetz, Ernst"]
[Result "1-0"]
[WhiteElo "1884"]
[BlackElo "1838"]
[PlyCount "55"]
[EventType "team-tourn"]
[EventRounds "9"]
[SourceDate "2016.10.16"]
[WhiteTeam "VT Ludwigslust"]
[BlackTeam "Greifswalder SV II"]

1. d4 Nf6 2. Nf3 e6 3. c4 Bb4+ 4. Bd2 Qe7 5. e3 b6 6. a3 Bxd2+ 7. Nbxd2 Bb7 8.
Bd3 c5 9. Qc2 Nc6 10. O-O O-O 11. Rac1 d6 12. Qc3 Rfc8 13. b4 d5 14. dxc5 dxc4
15. Qxc4 bxc5 16. Qxc5 Qd7 17. Bb5 a6 18. Bxc6 Rxc6 19. Qd4 Qc7 20. Rxc6 Qxc6
21. Nb3 Qa4 22. Qb2 Bxf3 23. gxf3 Qc6 24. Nd4 Qd5 25. Qc3 Rd8 26. Qc7 g6 27.
Nc6 Qd6 28. Qxd8+ 1-0

[Event "VL 2016/17"]
[Site "Mecklenburg/Vorpommern"]
[Date "2016.10.16"]
[Round "1.5"]
[White "Dombrowski, Frank"]
[Black "Hilpert, Andreas"]
[Result "1/2-1/2"]
[WhiteElo "1988"]
[BlackElo "1787"]
[PlyCount "117"]
[EventType "team-tourn"]
[EventRounds "9"]
[SourceDate "2016.10.16"]
[WhiteTeam "Greifswalder SV II"]
[BlackTeam "VT Ludwigslust"]

1. c3 d5 2. d4 Nf6 3. Bf4 e6 4. Nf3 Bd6 5. e3 Bxf4 6. exf4 O-O 7. Ne5 Nbd7 8.
Nd2 c5 9. Nxd7 Bxd7 10. Nf3 Qb6 11. Qb3 Qxb3 12. axb3 cxd4 13. Nxd4 a6 14. f3
Rac8 15. Bd3 g6 16. Kf2 Ne8 17. Ra5 Nd6 18. Rha1 Rc7 19. b4 Bc8 20. R5a2 Bd7
21. Ra5 Bc8 22. Rc5 Ne8 23. Rxc7 Nxc7 24. b5 axb5 25. Nxb5 Nxb5 26. Bxb5 Rd8
27. Ke3 Kf8 28. Kd4 Ke7 29. Kc5 h5 30. h4 f6 31. Ra7 e5 32. fxe5 fxe5 33. Bc6
d4 34. cxd4 exd4 35. Be4 d3 36. Ra1 d2 37. Rd1 Bf5 38. Bxf5 gxf5 39. f4 Ke6 40.
Kc4 b5+ 41. Kc3 b4+ 42. Kc4 Rd7 43. g3 Rg7 44. Rxd2 Rxg3 45. Kxb4 Rg4 46. Kc5
Rxf4 47. Rd6+ Ke5 48. Rd5+ Ke6 49. Rd4 Rf1 50. Rd6+ Ke5 51. Rh6 Rc1+ 52. Kb5 f4
53. Rxh5+ Ke4 54. Rh8 f3 55. Re8+ Kd3 56. Rd8+ Ke2 57. Re8+ Kd3 58. Rf8 Ke2 59.
Re8+ 1/2-1/2

[Event "VL 2016/17"]
[Site "Mecklenburg/Vorpommern"]
[Date "2016.10.16"]
[Round "1.6"]
[White "Mitscherling, Reinhard"]
[Black "Troyke, Jannis"]
[Result "1/2-1/2"]
[WhiteElo "1783"]
[BlackElo "1710"]
[PlyCount "49"]
[EventType "team-tourn"]
[EventRounds "9"]
[SourceDate "2016.10.16"]
[WhiteTeam "VT Ludwigslust"]
[BlackTeam "Greifswalder SV II"]

1. d4 Nf6 2. Nf3 g6 3. c4 Bg7 4. Nc3 O-O 5. g3 d6 6. Bg2 Nbd7 7. O-O c5 8. b3
cxd4 9. Nxd4 Qb6 10. Bb2 Ne5 11. Rc1 Bd7 12. Qd2 Rac8 13. e3 a6 14. Kh1 Nc6 15.
Kg1 Bh6 16. Na4 Qc7 17. Nc3 Qb6 18. Nxc6 Bxc6 19. Nd5 Nxd5 20. Bxd5 Bxd5 21.
Qxd5 Bg7 22. Bxg7 Kxg7 23. Rfd1 Qc6 24. Qd4+ Kg8 25. Qd5 1/2-1/2

[Event "VL 2016/17"]
[Site "Mecklenburg/Vorpommern"]
[Date "2016.10.16"]
[Round "1.7"]
[White "Altenstein, Jonas"]
[Black "Emmrich, Olaf"]
[Result "1/2-1/2"]
[WhiteElo "1460"]
[BlackElo "1767"]
[PlyCount "50"]
[EventType "team-tourn"]
[EventRounds "9"]
[SourceDate "2016.10.16"]
[WhiteTeam "Greifswalder SV II"]
[BlackTeam "VT Ludwigslust"]

1. e4 d6 2. d4 Nf6 3. Nc3 c6 4. Bg5 Nbd7 5. Nf3 h6 6. Bh4 Qa5 7. Bd3 e5 8. O-O
Be7 9. Qe2 Qb4 10. dxe5 Nxe5 11. Nxe5 dxe5 12. Bxf6 Bxf6 13. Rab1 O-O 14. Rfd1
Be6 15. a3 Qa5 16. Bc4 Bxc4 17. Qxc4 Rad8 18. Ne2 Rxd1+ 19. Rxd1 Rd8 20. Rxd8+
Qxd8 21. h3 Qd1+ 22. Kh2 Qf1 23. f3 Bg5 24. Qd3 Qf2 25. b3 g6 1/2-1/2

[Event "VL 2016/17"]
[Site "Mecklenburg/Vorpommern"]
[Date "2016.10.16"]
[Round "1.8"]
[White "Altenburg, Reiner"]
[Black "Kriese, Ralf"]
[Result "1/2-1/2"]
[WhiteElo "1680"]
[BlackElo "1707"]
[PlyCount "41"]
[EventType "team-tourn"]
[EventRounds "9"]
[SourceDate "2016.10.16"]
[WhiteTeam "VT Ludwigslust"]
[BlackTeam "Greifswalder SV II"]

1. d4 d5 2. c4 e6 3. Nf3 Nf6 4. Nc3 c6 5. Bg5 Be7 6. e3 Nbd7 7. Rc1 O-O 8. Bd3
dxc4 9. Bxc4 h6 10. Bh4 Nd5 11. Bxe7 Qxe7 12. O-O Nxc3 13. Rxc3 e5 14. dxe5
Nxe5 15. Nxe5 Qxe5 16. Qb3 b5 17. Be2 Be6 18. Qc2 Rac8 19. Bf3 c5 20. Rc1 Rfd8
21. b3 1/2-1/2

[Event "VL 2016/17"]
[Site "Mecklenburg/Vorpommern"]
[Date "2016.11.06"]
[Round "2.2"]
[White "Littke, Helmut"]
[Black "Roehl, Rainer"]
[Result "1/2-1/2"]
[WhiteElo "1967"]
[BlackElo "2082"]
[PlyCount "27"]
[EventType "team-tourn"]
[EventRounds "9"]
[SourceDate "2016.10.16"]
[WhiteTeam "ASV Wismar"]
[BlackTeam "SF Schwerin II"]

1. Nf3 c5 2. c4 g6 3. g3 Bg7 4. Bg2 Nc6 5. O-O e5 6. d3 Nge7 7. Nc3 O-O 8. Rb1
d6 9. a3 a5 10. Bd2 Rb8 11. Nb5 b6 12. Qc1 Bb7 13. Bh6 Bxh6 14. Qxh6 1/2-1/2

[Event "VL 2016/17"]
[Site "Mecklenburg/Vorpommern"]
[Date "2016.11.06"]
[Round "2.3"]
[White "Hanisch, Sebastian"]
[Black "Kliewe, Hans Juergen"]
[Result "1/2-1/2"]
[WhiteElo "2029"]
[BlackElo "1963"]
[PlyCount "58"]
[EventType "team-tourn"]
[EventRounds "9"]
[SourceDate "2016.10.16"]
[WhiteTeam "SF Schwerin II"]
[BlackTeam "ASV Wismar"]

1. d4 d5 2. c4 c6 3. cxd5 cxd5 4. Nc3 Nc6 5. e4 e6 6. e5 Qb6 7. Nf3 Nge7 8. Bd3
Bd7 9. Na4 Qc7 10. a3 Nf5 11. Bxf5 exf5 12. Nc3 Be6 13. O-O Be7 14. Bd2 a6 15.
Rc1 O-O 16. Re1 Rac8 17. Na4 Qd8 18. b4 Nb8 19. Qb3 b5 20. Nc5 Bxc5 21. bxc5
Nc6 22. Rc2 h6 23. h4 Rb8 24. Rb1 Qd7 25. Rcb2 Rb7 26. Qd3 f4 27. Qc3 Bf5 28.
Re1 Be4 29. Bxf4 Qg4 1/2-1/2

[Event "VL 2016/17"]
[Site "Mecklenburg/Vorpommern"]
[Date "2016.11.06"]
[Round "2.4"]
[White "Stutz, Reno"]
[Black "Wagner, Ralph"]
[Result "1-0"]
[WhiteElo "1951"]
[BlackElo "2063"]
[PlyCount "75"]
[EventType "team-tourn"]
[EventRounds "9"]
[SourceDate "2016.10.16"]
[WhiteTeam "ASV Wismar"]
[BlackTeam "SF Schwerin II"]

1. e4 e6 2. d4 d5 3. Nd2 Nf6 4. e5 Nfd7 5. Bd3 c5 6. c3 Nc6 7. Ngf3 cxd4 8.
cxd4 f6 9. O-O fxe5 10. dxe5 Be7 11. Re1 O-O 12. Qc2 h6 13. Nb3 Rxf3 14. gxf3
Ndxe5 15. Be2 Qf8 16. f4 Nf7 17. Qg6 e5 18. fxe5 Nfxe5 19. Qg2 Bf5 20. Qxd5+
Kh8 21. Bf4 Rd8 22. Qg2 Bf6 23. Rad1 Qb4 24. Bxe5 Rxd1 25. Rxd1 Nxe5 26. Nd4
Qxb2 27. Qd5 Bg6 28. Qb3 Qxb3 29. axb3 Be7 30. f4 Nd7 31. f5 Bf7 32. Ne6 Ne5
33. Rd5 Bf6 34. Rc5 Nc6 35. Kg2 g6 36. Bd3 Be7 37. Rb5 b6 38. Be4 1-0

[Event "VL 2016/17"]
[Site "Mecklenburg/Vorpommern"]
[Date "2016.11.06"]
[Round "2.6"]
[White "Podolskiy, Alexander"]
[Black "Westphal, Wolfgang"]
[Result "0-1"]
[WhiteElo "1871"]
[BlackElo "2057"]
[PlyCount "122"]
[EventType "team-tourn"]
[EventRounds "9"]
[SourceDate "2016.10.16"]
[WhiteTeam "ASV Wismar"]
[BlackTeam "SF Schwerin II"]

1. e4 c5 2. Nf3 Nc6 3. d4 cxd4 4. Nxd4 e5 5. Nb5 a6 6. Nd6+ Bxd6 7. Qxd6 Qf6 8.
Qxf6 Nxf6 9. f3 d5 10. exd5 Nxd5 11. c3 Bf5 12. Be2 O-O-O 13. a4 Na5 14. Kf2
Nb3 15. Ra3 Nxc1 16. Rxc1 Nf4 17. g3 Nd3+ 18. Bxd3 Rxd3 19. b4 Rhd8 20. h4 e4
21. fxe4 Bxe4 22. c4 Rxa3 23. Nxa3 Rd3 24. Re1 f5 25. Re3 Rd4 26. Rc3 Rd2+ 27.
Ke3 Rb2 28. b5 h6 29. a5 Kd7 30. Kd4 Ke6 31. bxa6 bxa6 32. c5 Rb4+ 33. Ke3 Bc6
34. Nc2 Re4+ 35. Kf2 Ra4 36. Ke3 Re4+ 37. Kf2 f4 38. Rd3 Ke5 39. gxf4+ Rxf4+
40. Kg3 Rc4 41. Re3+ Kf6 42. Re2 h5 43. Rf2+ Kg6 44. Ne3 Re4 45. Nf5 Rg4+ 46.
Kh2 Kh7 47. Rd2 Rc4 48. Rd6 Rxc5 49. Nd4 Bb7 50. Rd7 Rd5 51. Rxd5 Bxd5 52. Kg3
Kg6 53. Kf4 Kf6 54. Nc2 g6 55. Nd4 Bb7 56. Nb3 Bc8 57. Nc5 Ke7 58. Ke5 Kf7 59.
Kd6 g5 60. hxg5 h4 61. Kc7 Bf5 0-1

[Event "VL 2016/17"]
[Site "Mecklenburg/Vorpommern"]
[Date "2016.11.06"]
[Round "2.7"]
[White "Hasselmann, Dieter"]
[Black "Junggebauer, Thomas"]
[Result "1-0"]
[WhiteElo "2028"]
[BlackElo "1849"]
[PlyCount "59"]
[EventType "team-tourn"]
[EventRounds "9"]
[SourceDate "2016.10.16"]
[WhiteTeam "SF Schwerin II"]
[BlackTeam "ASV Wismar"]

1. e4 c5 2. c3 e6 3. d4 cxd4 4. cxd4 d5 5. e5 Nc6 6. Nf3 Qb6 7. Be2 Bd7 8. O-O
Nge7 9. Nc3 Nf5 10. Na4 Qa5 11. Bd2 Bb4 12. Bxb4 Qxb4 13. a3 Qe7 14. Rc1 O-O
15. Nc5 Be8 16. b4 f6 17. b5 Na5 18. Qa4 b6 19. Na6 Bd7 20. Rc7 Rfc8 21. Rfc1
Qd8 22. h3 Ne7 23. Qb4 Nc4 24. Bxc4 Rxc7 25. Nxc7 Qxc7 26. Qxe7 Re8 27. Qb4 Rc8
28. exf6 gxf6 29. Qe7 Rf8 30. Qxh7+ 1-0

[Event "VL 2016/17"]
[Site "Mecklenburg/Vorpommern"]
[Date "2016.11.06"]
[Round "2.8"]
[White "Roeder, Phillip"]
[Black "Kross, Gunnar"]
[Result "1-0"]
[WhiteElo "1847"]
[BlackElo "1979"]
[PlyCount "109"]
[EventType "team-tourn"]
[EventRounds "9"]
[SourceDate "2016.10.16"]
[WhiteTeam "ASV Wismar"]
[BlackTeam "SF Schwerin II"]

1. Nc3 d5 2. e4 dxe4 3. Nxe4 Nd7 4. d4 Ngf6 5. Ng3 e6 6. Nf3 c5 7. c3 cxd4 8.
Nxd4 Bc5 9. b4 Bxd4 10. Qxd4 O-O 11. Be2 Qc7 12. O-O e5 13. Qc4 Qxc4 14. Bxc4
Nb6 15. Bb3 Nbd5 16. Bd2 Rd8 17. Rad1 Be6 18. Rfe1 Rac8 19. c4 Nb6 20. c5 Bxb3
21. axb3 Nbd5 22. Ra1 a6 23. Rxe5 h6 24. Nf5 Rd7 25. f3 Kf8 26. g3 Nc7 27. Nd6
Rb8 28. Be1 Ne6 29. Bf2 Nd8 30. b5 axb5 31. Nxb5 Nc6 32. Re3 Nb4 33. Rc1 Nd3
34. Rc4 Nb2 35. Rd4 Rxd4 36. Nxd4 Rc8 37. b4 Nd5 38. Rb3 Nc4 39. Nc2 Ke7 40.
Nd4 Kd7 41. Nf5 Rg8 42. Rd3 Ke6 43. Rxd5 Kxd5 44. Ne7+ Ke6 45. Nxg8 Ne5 46. f4
Nd3 47. b5 Nb4 48. c6 bxc6 49. b6 Kd7 50. Bc5 Na6 51. Bf8 g6 52. Nxh6 Ke8 53.
Bd6 c5 54. b7 c4 55. Ng4 1-0

[Event "VL 2016/17"]
[Site "Mecklenburg/Vorpommern"]
[Date "2016.11.06"]
[Round "2.1"]
[White "Ruesch, Hans Joachim"]
[Black "Csillag, Istvan"]
[Result "0-1"]
[WhiteElo "1962"]
[BlackElo "1986"]
[PlyCount "46"]
[EventType "team-tourn"]
[EventRounds "9"]
[SourceDate "2016.10.16"]
[WhiteTeam "SF Ostsee Warnemünde"]
[BlackTeam "SG Neubrandenburg"]

1. d4 g6 2. c4 Bg7 3. Nc3 d6 4. e4 Nd7 5. Be3 e5 6. d5 Ne7 7. g4 O-O 8. Qd2 f5
9. gxf5 gxf5 10. Bh6 Bxh6 11. Qxh6 Rf6 12. Qd2 Nc5 13. Nf3 fxe4 14. Ng5 Bf5 15.
Rg1 Ng6 16. b4 Nd3+ 17. Bxd3 exd3 18. Nge4 Bxe4 19. Nxe4 Rf4 20. Qxd3 Qh4 21.
Ng3 Raf8 22. Nh1 Kh8 23. Rxg6 hxg6 0-1

[Event "VL 2016/17"]
[Site "Mecklenburg/Vorpommern"]
[Date "2016.11.06"]
[Round "2.2"]
[White "Pruesse, Horst"]
[Black "Schumacher, Dirk"]
[Result "1-0"]
[WhiteElo "2040"]
[BlackElo "1971"]
[PlyCount "63"]
[EventType "team-tourn"]
[EventRounds "9"]
[SourceDate "2016.10.16"]
[WhiteTeam "SG Neubrandenburg"]
[BlackTeam "SF Ostsee Warnemünde"]

1. e4 c5 2. Nc3 d6 3. f4 Nf6 4. Nf3 Bg4 5. Bb5+ Nc6 6. Bxc6+ bxc6 7. O-O d5 8.
e5 Ne4 9. Qe1 Nxc3 10. bxc3 e6 11. Qg3 h5 12. h3 Bf5 13. d3 h4 14. Qf2 Be7 15.
Bd2 Rb8 16. Rfb1 Rb6 17. Be3 Qb8 18. Rb3 Rxb3 19. axb3 Qb6 20. b4 d4 21. cxd4
cxb4 22. d5 Qb5 23. d6 Bd8 24. Nd4 Qb7 25. Nxf5 exf5 26. Rxa7 Qb8 27. Bc5 O-O
28. d7 b3 29. cxb3 Qxb3 30. Bxf8 Qb1+ 31. Kh2 Bb6 32. Bc5 1-0

[Event "VL 2016/17"]
[Site "Mecklenburg/Vorpommern"]
[Date "2016.11.06"]
[Round "2.3"]
[White "Wolke, Heiko"]
[Black "Rossmann, Andreas"]
[Result "1/2-1/2"]
[WhiteElo "1964"]
[BlackElo "1919"]
[PlyCount "52"]
[EventType "team-tourn"]
[EventRounds "9"]
[SourceDate "2016.10.16"]
[WhiteTeam "SF Ostsee Warnemünde"]
[BlackTeam "SG Neubrandenburg"]

1. e4 d6 2. Nf3 Nf6 3. Nc3 c5 4. d4 cxd4 5. Nxd4 Nc6 6. Bg5 Bd7 7. Qd2 Rc8 8.
Be2 Nxd4 9. Qxd4 Qa5 10. Be3 a6 11. O-O Bc6 12. Bf3 g6 13. Nd5 Bxd5 14. exd5
Bg7 15. b4 Qc7 16. Rac1 b5 17. c4 bxc4 18. Be2 O-O 19. Rxc4 Qb7 20. Bf3 Nd7 21.
Qe4 Rxc4 22. Qxc4 Ne5 23. Qb3 Nxf3+ 24. gxf3 Rc8 25. Rc1 Rxc1+ 26. Bxc1 Qc8
1/2-1/2

[Event "VL 2016/17"]
[Site "Mecklenburg/Vorpommern"]
[Date "2016.11.06"]
[Round "2.4"]
[White "Kunow, Frank"]
[Black "Hamann, Dirk"]
[Result "1/2-1/2"]
[WhiteElo "1891"]
[BlackElo "1879"]
[PlyCount "46"]
[EventType "team-tourn"]
[EventRounds "9"]
[SourceDate "2016.10.16"]
[WhiteTeam "SG Neubrandenburg"]
[BlackTeam "SF Ostsee Warnemünde"]

1. d4 Nf6 2. Nf3 g6 3. c4 Bg7 4. Nc3 O-O 5. e4 d6 6. h3 c6 7. Be2 Nbd7 8. O-O
e5 9. Be3 Nh5 10. dxe5 dxe5 11. g3 Qe7 12. Nd2 Nhf6 13. Re1 Rd8 14. Qc2 Nf8 15.
Bf1 Ne6 16. Rad1 Nd4 17. Qb1 Ne8 18. Bg2 Be6 19. b3 Nc7 20. Kh2 Na6 21. Nf3 Qb4
22. Qc1 Nc5 23. Ng5 Rd7 1/2-1/2